Aflāṭūn / / أفلاطون / (Record no. 81082)
[ view plain ]
| 000 -LEADER | |
|---|---|
| fixed length control field | 00928cam a2200253 i 4500 |
| 001 - CONTROL NUMBER | |
| control field | 81082 |
| 003 - CONTROL NUMBER IDENTIFIER | |
| rucl marc code | BD-RjUL |
| 005 - DATE AND TIME OF LATEST TRANSACTION | |
| control field | 20230115143024.0 |
| 008 - FIXED-LENGTH DATA ELEMENTS--GENERAL INFORMATION | |
| fixed length control field | 230115s1965 ua b 000 0 ara |
| 035 ## - SYSTEM CONTROL NUMBER | |
| System control number | (BD-RjUL)81082 |
| 040 ## - CATALOGING SOURCE | |
| Original cataloging agency | DLC |
| Language of cataloging | eng |
| Description conventions | rda |
| Transcribing agency | MiU |
| Modifying agency | DLC |
| 041 ## - LANGUAGE CODE | |
| Language code of text/sound track or separate title | eng |
| 042 ## - AUTHENTICATION CODE | |
| Authentication code | pcc |
| 082 ## - DEWEY DECIMAL CLASSIFICATION NUMBER | |
| Edition number | 23 |
| Classification number | 184 |
| Author mark and year | AHA 1965 |
| 100 1# - MAIN ENTRY--PERSONAL NAME | |
| Personal name | Ahwānī, Aḥmad Fuʼād أهواني، أحمد فؤاد |
| Dates associated with a name | -1970, |
| Relator term | author. |
| 9 (RLIN) | 6583 |
| 245 10 - TITLE STATEMENT | |
| Title | Aflāṭūn / / أفلاطون / |
| Statement of responsibility, etc. | bi-qalam Aḥmad Fuʻād al-Ahwānī.بقلم أحمد فعاد الأهواني. |
| 264 #1 - PRODUCTION, PUBLICATION, DISTRIBUTION, MANUFACTURE, AND COPYRIGHT NOTICE | |
| Place of production, publication, distribution, manufacture | Miṣr :مصر : |
| Name of producer, publisher, distributor, manufacturer | Dār al-Maʻārif,دار المعارف، |
| Date of production, publication, distribution, manufacture, or copyright notice | 1965. |
| 300 ## - PHYSICAL DESCRIPTION | |
| Pagination | 223 pages ; |
| Size | 22 cm. |
| 490 0# - SERIES STATEMENT | |
| Series statement | Nawābigh al-Fikr al-Gharbī ;نوابغ الفكر الغربي ؛ |
| Volume/sequential designation | 5 |
| 500 ## - GENERAL NOTE | |
| General note | Romanized. |
| 504 ## - BIBLIOGRAPHY, ETC. NOTE | |
| Bibliography, etc | Includes bibliographical references. |
| 600 00 - SUBJECT ADDED ENTRY--PERSONAL NAME | |
| Personal name | Plato. |
| 942 ## - ADDED ENTRY ELEMENTS (KOHA) | |
| Source of classification or shelving scheme | Dewey Decimal Classification |
| Koha item type | Books |
| Lost status | Source of classification or shelving scheme | Damaged status | Not for loan | Collection code | Permanent Location | Current Location | Shelving location | Date acquired | Source of acquisition | Total Checkouts | Full call number | Date last seen | Copy number | Koha item type |
|---|---|---|---|---|---|---|---|---|---|---|---|---|---|---|
| Dewey Decimal Classification | Not For Loan | Non-fiction | Central Library, University of Rajshahi | Central Library, University of Rajshahi | Reading Room | 06/05/1967 | maktabat i ishaqiah | A 184 AHA 1965 | 15/01/2023 | C-1 | Books |